00000000cam 2200000zi 4500
0019.963102
003CaOODSP
00520260527091017
006m     o  d f      
007cr |n|||||||||
008260526e202605##oncd    ob   f|0| 0 eng d
040 |aCaOODSP|beng|erda|cCaOODSP
043 |an-cn---
0861 |aXC67-1/1-451-10E-PDF
1101 |aCanada. |bParliament. |bHouse of Commons. |bStanding Committee on Human Resources, Skills and Social Development and the Status of Persons with Disabilities, |eauthor, |eissuing body.
24510|aYouth employment in Canada / |cRobert Morrissey, chair.
264 1|a[Ottawa] : |bHouse of Commons, Canada = Chambre des communes, Canada, |cMay 2026.
300 |a1 online resource (viii, 49 pages) : |bcharts.
336 |atext|btxt|2rdacontent
337 |acomputer|bc|2rdamedia
338 |aonline resource|bcr|2rdacarrier
4901 |aReport of the Standing Committee on Human Resources, Skills and Social Development and the Status of Persons with Disabilities ; |v10th report, 45th Parliament, 1st session
500 |aIssued also in French under title: L'emploi des jeunes au Canada.
500 |aOriginal published on: 2026/05/25. Published on: 2026/05/26.
504 |aIncludes bibliographical references.
650 0|aYouth|xEmployment|zCanada.
7001 |aMorrissey, Robert J., |d1954-
77508|tL'emploi des jeunes au Canada / |w(CaOODSP)9.963103
830#0|aReport of the Standing Committee on Human Resources, Skills and Social Development and the Status of Persons with Disabilities ;|v10th report, 45th Parliament, 1st session.|w(CaOODSP)9.507000
85640|qPDF|s3.52 MB|uhttps://publications.gc.ca/collections/collection_2026/parl/xc67-1/XC67-1-1-451-10-eng.pdf
8564 |qHTML|sN/A|uhttps://www.ourcommons.ca/DocumentViewer/en/45-1/HUMA/report-10/